000 00405nam a2200157Ia 4500
005 20250128163750.0
008 231217s9999 xx 000 0 und d
020 _a9788122200386
082 _a793.74 SHA
100 _aShakuntala Devi
245 0 _aFiguring : the joy of numbers
260 _c2002
_bOrient Paper Backs
_aNew Delhi
300 _a158
650 _aFiguring,:,joy,numbers
942 _cAA
999 _c179700
_d179700